Filmographie Tim Burton - Statistiques

Statistiques générales
  • Ce quiz a été pris 388 fois
  • Le résultat moyen est 12 sur 20
Statistiques - réponses
Année Films % Correct
1988 Beetlejuice
89%
1990 Edward aux mains d'argent
81%
2005 Les Noces funèbres
78%
2024 Beetlejuice Beetlejuice
77%
2010 Alice au pays des merveilles
72%
2005 Charlie et la Chocolaterie
72%
1989 Batman
67%
2003 Big Fish
67%
1999 Sleepy Hollow : La Légende du cavalier sans tête
64%
2012 Frankenweenie
62%
2012 Dark Shadows
59%
2019 Dumbo
57%
2007 Sweeney Todd : Le Diabolique Barbier de Fleet Street
55%
2016 Miss Peregrine et les Enfants particuliers
53%
2014 Big Eyes
52%
1992 Batman : Le Défi
51%
1994 Ed Wood
48%
2001 La Planète des singes
46%
1996 Mars Attacks!
46%
1985 Pee-Wee Big Adventure
36%
Aucun quiz correspondant
Distribution des résultats
% des personnes avec chaque résultat
Percentile par nombre de réponses
Votre historique - résultats
Vous n’avez pas pris ce quiz